Statistics for NBA Teams and their players #2

Click here to take the quiz!

General Stats

  • This quiz has been taken 14 times
  • The average score is 14 of 16

Answer Stats

Answer% Correct
Golden State Warriors
100%
Atlanta Hawks
93%
Boston Celtics
93%
Brooklyn Nets
93%
Chicago Bulls
93%
Larry Bird
93%
Los Angeles Clippers
93%
Trae Young
93%
Utah Jazz
93%
Washington Wizards
93%
Karl Malone
86%
Paul George
86%
Scottie Pippen
86%
Wilt Chamberlain
86%
D'Angelo Russell
79%
Jordan Poole
71%

Score Distribution

Percentile by Number Answered

Percent of People with Each Score

Your Score History

You have not taken this quiz